000
00305nam a2200097Ia 4500
082
_a
EJF BEAK
245
0
_a
Cases in public administration and management : a South African perspective
100
_a
Maserumule, M H Sandown, 2004
_9
31092
942
_c
BK
008
210817s9999 xx 000 0 und d
999
_c
278004
_d
278001